000 00537pab a2200181 454500
008 180718b2008 xxu||||| |||| 00| 0 eng d
100 _aPal, Suresh
245 _aAgricultural R&D policy and institutional reforms: learning from the experiences of India and China
260 _c2008
300 _ap.145-55.
362 _a28 Jun
650 _aAgricultural research - China
650 _aAgricultural research - India
650 _aAgricultural research
773 _aEconomic and Political Weekly
908 _aN
909 _a79050
999 _c79050
_d79050